| 000 | 00897nam a2200193Ii 4500 | ||
|---|---|---|---|
| 003 | JO-AjNU | ||
| 008 | 230605s9999||||xx |||||||||||||| ||und|| | ||
| 040 |
_aJO-AjNU _bara _erda _cJO-AjNU |
||
| 041 | _aara | ||
| 050 | 1 | 4 | _aZ699 2017 |
| 100 | 3 |
_aاعداد احمد عدنان جابر، احمد خالد لويسي، سائد حسين النعيمات؛ اشراف حسن المعيدي, _eauthor _958289 |
|
| 245 | 0 | 0 | _aنظام تدوين اخباري (اخبار الاردن) |
| 264 | 3 | 1 | _aعجلون: جامعة عجلون الوطنيه، 2017 |
| 300 |
_a30ص _bمشروع تخرج جامعة عجلون الوطنيه ( عجلون ، الاردن) كلية تكنولوجيا المعلومات ، 2017 |
||
| 336 |
_atext _btxt _2rdacontent |
||
| 337 |
_aunmediated _bn _2rdamedia |
||
| 338 |
_avolume _bnc _2rdacarrier |
||
| 650 | 4 |
_aاخبار الاردن - نظام حوسبة _958290 |
|
| 999 |
_aA26168 _c29736 _d29736 |
||